Responses for Show #6402 - Tuesday, June 19, 2012

David Menchaca game 4.

Contestants

[<< previous game]

Victoria Steinberg, a freelance writer from Forest Hills, New York

Curt Renshaw, a naval officer from Washington, D.C.

David Menchaca, a law student originally from Long Beach, California (whose 3-day cash winnings total $69,102)

[next game >>]

Jeopardy! Round responses

IRON, MAN
AMERICAN YEARBOOK
SEEING SHADES OF RED
THE NAME ON THE AIRPORT
BRAND "EX"
NBA MVPs
(Alex: We want you to name the team as we give you the NBA MVP.)
    $200 11
golf

Curt
    $200 1
women

Curt
    $200 26
crimson

David
    $200 16
Louis Armstrong

Curt
    $200 21
Chex

Victoria
    $200 2
the Los Angeles Lakers

Curt
    $400 12
carbon

Triple Stumper
    $500 7
Alaska

Curt
    $400 27
ruby

David
    $400 17
Gerald Ford

Curt
    $400 22
Exxon

Victoria
    $400 3
the Utah Jazz

David
    $600 13
isotopes

Curt
    $600 8
Jackson

David
    $600 28
Burgundy

David
    $600 18
LaGuardia

David
    $600 23
Texaco

David
    $600 4
Cleveland Cavaliers

Curt
    $800 14
rust

Curt
    $800 9
(Alex: Yep, got in there ahead of the Navy man, Curt. You'll never live that down, buddy.)
(Curt: No, I won't.)

the Navy SEALs

David
    $800 29
maroon

Triple Stumper
    $800 19
John Wayne

Victoria
    $800 24
Nextel

Curt
    $800 5
(Curt: Who are the Lakers?)
(Victoria: Who are the 76ers?)

the Milwaukee Bucks

CurtVictoria
Triple Stumper
    $1000 15
hemoglobin

David
    $1000 10
immigration

Triple Stumper
    $1000 30
The Scarlet Pimpernel

Victoria
    $1000 20
(David: What is Florence?)

Pisa

DavidCurt
    $1000 25
Bowflex

Triple Stumper
    $1000 6
the Chicago Bulls

Triple Stumper

Scores at the first commercial break (after clue 15):

David Curt Victoria
$2,800 $2,300 -$800

Scores at the end of the Jeopardy! Round:

David Curt Victoria
$4,200 $4,700 $1,600

Double Jeopardy! Round responses

(Alex: The first category is missing comething we had in the first round--it's missing a comma...)
IRON MAN
(Alex: Next, a category in which each response will be two words...)
I HOPS
AUTHORS
(Alex: With clues from Eataly, the NYC marketplace, we'll deal with...)
ITALIAN FOOD
THE CELEBRITY TWEETS
A CITY ON THE WATER
(Alex: You have to identify the body of water for each city.)
    $400 16
Prussia

David
    $400 21
(David: What is fair? [Pause] Or far?)
(Alex: [*]--we need both words.)

fair (and) far

David
    $400 1
Rudyard Kipling

David
    $400 11
buffalo

David
    $400 24
Kanye West

David
    $400 6
the Atlantic Ocean

Curt
    $800 17
the man in the iron mask

Curt
    $800 22
to weld and to wield

Curt
    $800 2
Larry McMurtry

Victoria
    $800 12
gnocchi (alla Romana)

David
    $800 25
Kim Kardashian

Victoria
    $800 7
Chesapeake Bay

David
    $1200 18
(Curt: What is Wellington?)
...
(Alex: Wellington's nickname was [*].)

the "Iron Duke"

Curt
Triple Stumper
    $1200 23
her and heir

David
    $1200 3
Virginia Woolf

Victoria
    $1200 13
pizzaiolo

Triple Stumper
    $1200 28
Martha Stewart

David
    $1200 8
the St. Lawrence River

Curt
    $1600 19
(David: Who is Marlowe?)

Goethe

DavidCurt
    $1600 26
rot and to riot

Victoria
    $1600 4
Theodore Dreiser

Victoria
    $1600 14
gelateria

David
    $1600 29
[The end-of-round signal sounds.]

George Takei

Victoria
    $1600 9
the Missouri River

Curt
    $2000 20
(Curt: What is the "Iron Indian"?)
...
(Alex: Who is [*] Cody? Remember the little tear coming down? Worried about the environment.)

"Iron Eyes"

Curt
Triple Stumper
    $2000 27
rate and irate

Triple Stumper
    $2000 5
[Applause for Victoria's domination of the category]

Prose

Victoria
    $2,500 15
pizza Margherita

David
    $3,000 10
Lake Champlain

Curt

Scores at the end of the Double Jeopardy! Round:

David Curt Victoria
$12,700 $10,900 $11,200

[wagering suggestions for these scores]

Final Jeopardy! Round responses

FABRICS
CurtWhat is nylon
$9,000
VictoriaWhat is Nylon?
$11,000
DavidWhat is Nylon?
$9,701
nylon

Final scores:

David Curt Victoria
$22,401 $19,900 $22,200
4-day champion: $91,503 3rd place: $1,000 2nd place: $2,000

Game dynamics:

Coryat scores:

David Curt Victoria
$12,200 $9,800 $11,200
20 R
(including 1 DD),
2 W
18 R
(including 2 DDs),
3 W
11 R,
1 W

Combined Coryat: $33,200

[game clues] [game scores] [suggest correction]

Game tape date: 2012-02-14
The J! Archive is created by fans, for fans. Scraping, republication, monetization, and malicious use prohibited; this site may use cookies and collect identifying information. See terms. The Jeopardy! game show and all elements thereof, including but not limited to copyright and trademark thereto, are the property of Jeopardy Productions, Inc. and are protected under law. This website is not affiliated with, sponsored by, or operated by Jeopardy Productions, Inc. Join the discussion at JBoard.tv.